00717nam a22001937a 450000500170000001000150001702000260003203500140005803700090007208200160008110000260009724500770012326000690020027000540026930000220032394200300034599900190037595201290039420250219120007.0 aENG-143880 c280.00a9789352102884 aEN-127312 bDBAD a188.499201 aPanda Sunayana978023 aTalks By NirodbarancBy Sunayana Panda bApril 1971- September hEnglish aPondicherry bSri Aurobindo Ashram Publication Department c2023 bPondicherry aSri Aurobindo Ashram Trust e605002 a218 ppc22cm(pbk) 2ddccENh188.499mPANe01 c209374d209374 001040708NFICaLbLd2025-02-19eDBAD/PUBg280.00l0o188.499 PANpEN-127312r2025-02-19 00:00:00v280.00w2025-02-19yEN